000 00250nam a2200097Ia 4500
008 190216s9999||||xx |||||||||||||| ||und||
100 _aNull
245 0 _aHindi-Raveendranath Ka Bala Sahithya
260 _bKerala Sasthra Sahithya Parishad
942 _cBK
999 _c18254
_d18254